Statistics for Taylor Swift Songs By Emojis

Click here to take the quiz!

General Stats

  • This quiz has been taken 430 times
  • The average score is 13 of 26

Answer Stats

EmojiSong% Correct
πŸ‘ŽπŸ©ΈBad Blood
99%
βšͺ️🐎White Horse
75%
πŸ‘—Dress
74%
πŸ“ƒπŸ’πŸ’Paper Rings
73%
πŸ‡¬πŸ‡§πŸ‘¦London Boy
65%
πŸ“ΈπŸ”₯Picture To Burn
63%
πŸΎπŸ‘°β€β™€οΈChampagne Problems
61%
🀴❀️King Of My Heart
61%
πŸ¦Έβ€β™‚οΈSuperman
61%
βŒπŸ§β€β™€οΈβŒπŸš”No Body No Crime
59%
🧼Clean
58%
πŸ—£πŸ”œSpeak Now
58%
β­οΈπŸ’‘Starlight
58%
πŸ’œπŸŒ«οΈLavender Haze
49%
🏰πŸ’₯Castles Crumbling
47%
πŸ‘»Haunted
41%
πŸ«₯Invisible
41%
β™ΎοΈβž•β™ΎοΈForever And Always
40%
πŸ«₯🧡Invisible String
39%
πŸ‘§βž‘οΈπŸ Girl At Home
37%
βš‘οΈπŸ‘‰πŸ‘ˆElectric Touch
34%
πŸ’€πŸ’―0️⃣πŸ”ͺDeath By A Thousand Cut
30%
πŸ˜₯😍😭Sad Beautiful Tragic
30%
⏰❌Timeless
23%
βŒπŸ‘©β€β€οΈβ€πŸ‘¨Illicit Affairs
8%
πŸ™‹β€β™‚οΈπŸ’―πŸ™‚Mr Perfectly Fine
7%

Score Distribution

Percentile by Number Answered

Percent of People with Each Score

Your Score History

You have not taken this quiz